banner koha

Simulacao de escoamento superficial em bacias representativas na Amazonia [Brasil] (Registro n. 334455)

MARC details
000 -LÍDER
campo de controle de tamanho fixo 01428naa a22003257a 4500
001 - NÚMERO DE CONTROLE
campo de controle BR8301071
003 - IDENTIFICADOR DO NÚMERO DE CONTROLE
campo de controle BR-BrBNA
005 - DATA E HORÁRIO DA ÚLTIMA TRANSAÇÃO
campo de controle 20250721143222.0
007 - CAMPO FIXO DE DESCRIÇÃO FÍSICA--INFORMAÇÃO GERAL
campo de controle de tamanho fixo ta
008 - CAMPO DE DADOS FIXOS--INFORMAÇÃO GERAL
campo de controle de tamanho fixo 250630b bl.|||m| |||| 00| 0 por d
040 ## - FONTE DA CATALOGAÇÃO
Instituição da catalogação original BR-BrBNA
Idioma da catalogação por
Instituição que transcreveu o registro Biblioteca Nacional de Agricultura
041 ## - CÓDIGO DE IDIOMA
Código do idioma do texto/trilha sonora ou título diferente (Pt)
072 ## - CÓDIGO DE CATEGORIA DE ASSUNTO
Código de Categoria de Assunto P10
Código do objeto /G514
-- GZ35
090 ## - NÚMERO DE CHAMADA LOCAL
Número de chamada P10 BR8301071
100 1# - ENTRADA PRINCIPAL--NOME PESSOAL
Nome pessoal Marques Filho, A. de O.
100 1# - ENTRADA PRINCIPAL--NOME PESSOAL
Nome pessoal Ribeiro, M. de N.G.
100 1# - ENTRADA PRINCIPAL--NOME PESSOAL
Nome pessoal Santos, J.M. dos
100 1# - ENTRADA PRINCIPAL--NOME PESSOAL
Nome pessoal Salati, E.
245 1# - TÍTULO
Título Simulacao de escoamento superficial em bacias representativas na Amazonia [Brasil]
246 1# - FORMA VARIANTE DO TÍTULO
Título/título abreviado [Simulation of surface runoff in representative watersheds in the Amazon [Brazil]]
246 1# - FORMA VARIANTE DO TÍTULO
Título/título abreviado [Model basin: ecological characterization of an experimental hydrological basin in the middle Amazon]
490 ## - TÍTULO DA SÉRIE
Título da série Acta Amazonica. Suplemento (Brazil)
Número do volume ou designação sequencial da série v. 12(3)
ISSN - International Standard Serial Number ISSN 0044-5967
500 ## - NOTA GERAL
Nota geral Bacia modelo: caracterizacao ecologica de uma bacia hidrografica experimental na Amazonia central<br/>Manaus, AM (Brasil): 1982. p. 29-37 [13 illus.; 7 ref.; Summaries (En, Pt); Received 5 Apr 1982]<br/>(BR8301071-AMS)<br/>
650 ## - ASSUNTO--TERMO TÓPICO
Cabeçalho tópico ou nome geográfico ESCOAMENTO
650 ## - ASSUNTO--TERMO TÓPICO
Cabeçalho tópico ou nome geográfico BACIA HIDROGRAFICA
650 ## - ASSUNTO--TERMO TÓPICO
Cabeçalho tópico ou nome geográfico AMAZONIA
773 0# - ENTRADA ANALÍTICA
Título Bacia modelo: caracterizacao ecologica de uma bacia hidrografica experimental na Amazonia central
Número de controle do registro P10 BR8301071
Partes relacionadas Manaus, AM (Brasil), 1982. p. 29-37
942 ## - ELEMENTOS DE ENTRADA ADICIONADOS (KOHA)
Tipo de material Koha Analítica de Monografia Seriada
Fonte da classificação ou esquema de arquivamento na estante Classificação AGRIS
909 ## -
-- 202506
-- Lúcia
-- 55
-- Lúcia Elande
Exemplares
Situação do descarte Fonte da classificação ou esquema de arquivamento na estante Situação física Não pode ser emprestado Coleção Biblioteca de origem Biblioteca atual Total de empréstimos Data de último acesso Número do exemplar Tipo de material Koha Situação das perdas Data de aquisição Fonte de aquisição
  Classificação AGRIS       Biblioteca Nacional de Agricultura - Binagri Biblioteca Nacional de Agricultura - Binagri   30/06/2025 01 Analítica de Monografia Seriada   2025-06-30 Portaria Interministerial nº 164/94

BINAGRI

Telefone: (61)3218-2567/2388/3357/2097 - binagri@agro.gov.br

Ministério da Agricultura e Pecuária , Esplanada dos Ministérios, Bloco D, Anexo B, Brasília/DF, CEP: 70.043-900